Face fashion : a guide to drawing the fashion face /

"Face Fashion teaches how to draw the fashion face quickly and easily, from first principles to an advanced level. It sets out to demystify the process of drawing the face, making it accessible to all students of fashion"--Back cover.

Bibliographic Details
Main Author: Riegelman, Nancy (Author)
Format: Book
Language:English
Published: Los Angeles, CA : London : 9 Heads Media ; Thames & Hudson [distributor], 2009.
Subjects:

MARC

Tag First Indicator Second Indicator Subfields
LEADER 00000cam a2200000 i 4500
001 in00002575259
005 20231211150828.0
008 100421t20092009caua 001 0 eng
010 |a  2010292121 
015 |a GBA922993  |2 bnb 
016 7 |a 014921122  |2 Uk 
019 |a 312626428  |a 504748394  |a 535495697 
020 |a 9780970246349  |q (pbk.) 
020 |a 097024634X  |q (pbk.) 
020 |a 9780138028794 
020 |a 0138028796 
029 1 |a AU@  |b 000044956035 
029 1 |a AU@  |b 000045253222 
029 1 |a AU@  |b 000045793978 
029 1 |a AU@  |b 000046884485 
029 1 |a NZ1  |b 13127714 
029 1 |a NZ1  |b 13473426 
029 1 |a UKBCI  |b 119505258 
029 1 |a UKBNS  |b 119505258 
029 1 |a UKSCO  |b 119505258 
029 1 |a UKSGC  |b 119505258 
029 1 |a UKSOM  |b 119505258 
029 1 |a UNITY  |b 119505258 
029 1 |a UKMGB  |b 014921122 
035 |a (OCoLC)ocn636569664 
035 |a (OCoLC)636569664  |z (OCoLC)312626428  |z (OCoLC)504748394  |z (OCoLC)535495697 
040 |a UKM  |b eng  |e rda  |c DLC  |d UKM  |d BTCTA  |d YDXCP  |d TXA  |d UAB  |d BDX  |d OCLCF  |d OCLCO  |d AU@  |d SLY  |d OCLCQ  |d NZAUC  |d OCLCQ  |d MMV  |d UKMGB  |d DCT  |d CNCLB  |d OCLCA  |d VLB  |d GYG  |d OCLCO  |d OCLCQ 
042 |a lccopycat 
050 0 0 |a TT509  |b .R545 2009 
080 |a 746.99 
082 0 4 |a 741.672  |2 22 
084 |a TS941.28  |2 clc 
100 1 |a Riegelman, Nancy,  |e author. 
245 1 0 |a Face fashion :  |b a guide to drawing the fashion face /  |c Nancy Riegelman. 
246 3 0 |a Guide to drawing the fashion face 
264 1 |a Los Angeles, CA :  |b 9 Heads Media ;  |a London :  |b Thames & Hudson [distributor],  |c 2009. 
264 4 |c ©2009 
300 |a 282 pages :  |b illustrations (some color) ;  |c 34 cm 
336 |a text  |b txt  |2 rdacontent 
337 |a unmediated  |b n  |2 rdamedia 
338 |a volume  |b nc  |2 rdacarrier 
386 |m Gender group:  |n gdr  |a Women  |2 lcdgt 
386 |m Nationality/regional group:  |n nat  |a Americans  |2 lcdgt 
386 |m Occupational/field of activity group:  |n occ  |a University and college faculty members  |2 lcdgt 
500 |a Includes index. 
505 0 0 |t Drawing the fashion face --  |t Positions of the head --  |t Shading the face --  |t Makeup --  |t Hair --  |t Expressions --  |t Accessories --  |t Racial and ethinc variations --  |t Men --  |t Children --  |t 0Putting it all together. 
520 |a "Face Fashion teaches how to draw the fashion face quickly and easily, from first principles to an advanced level. It sets out to demystify the process of drawing the face, making it accessible to all students of fashion"--Back cover. 
650 0 |a Fashion drawing. 
650 0 |a Face. 
650 6 |a Dessin de mode. 
650 7 |a fashion illustration (image-making process)  |2 aat 
650 7 |a Face.  |2 fast  |0 (OCoLC)fst00919522 
650 7 |a Fashion drawing.  |2 fast  |0 (OCoLC)fst00921635 
938 |a Brodart  |b BROD  |n 11689145  |c $70.40 
938 |a Baker and Taylor  |b BTCP  |n BK0008813878 
938 |a YBP Library Services  |b YANK  |n 3035704 
938 |a YBP Library Services  |b YANK  |n 3282857 
948 |h HELD BY TXA - 87 OTHER HOLDINGS 
994 |a Z0  |b TXA 
999 f f |s ed6421d7-78cc-3f34-884c-0a6c50919c2e  |i 563c1fc3-501f-30da-b7bc-5d54fab5a6fd  |t 0 
952 f f |p ric  |a Texas A&M University  |b Rellis Campus  |c Joint Library Facility  |s JLF  |d Remote Storage  |t 0  |e TT509 .R54 2009  |f Oversize  |h Library of Congress classification  |i unmediated -- volume  |m A14840178044